Chi Sono Io Come sopravvivere slle domsnde delle nuove generazioni

Zapisane w:
Opis bibliograficzny
1. autor: Arcigay
Format: Książka
Język:nieznany język
Wydane: Arcigay
Etykiety: Dodaj etykietę
Nie ma etykietki, Dołącz pierwszą etykiete!

MARC

LEADER 00000nam a2200000Ia 4500
001 R-1578
003 CODICE-MESSINA
005 20260212102509.0
008 260211s9999 xx 000 0 und d
040 |c importazione_messina 
100 |a Arcigay 
245 0 |a Chi Sono Io 
245 0 |b Come sopravvivere slle domsnde delle nuove generazioni 
260 |b Arcigay 
942 |2 ddc  |c BK 
952 |0 0  |1 0  |2 ddc  |4 0  |6 SCAFFALE_15_000000000000000__LGBT_S_R  |7 0  |9 32416  |a ME  |b ME  |d 2026-02-11  |l 0  |o SCAFFALE 15 - LGBT S.R.  |p R-1578  |r 2026-02-11 23:53:10  |w 2026-02-11  |x [REVISIONARE]  |y BK 
999 |c 28083  |d 28083